Matemáticas aplicadas : (Registro nro. 68)

000 -CABECERA
Longitud fija campo de control 00570nam a22001937a 4500
003 - IDENTIFICADOR DELl NÚMERO DE CONTROL
Identificador del número de control OSt
005 - FECHA Y HORA DE LA ÚLTIMA TRANSACCIÓN
Fecha y hora de la última transacción 20190115150038.0
008 - CÓDIGOS DE INFORMACIÓN DE LONGITUD FIJA
Códigos de información de longitud fija 030206s2002 ck 000 0 spa d
020 ## - NÚMERO INTERNACIONAL NORMALIZADO PARA LIBROS
Número Internacional Normalizado para Libros (ISBN) 9684444370
040 ## - FUENTE DE LA CATALOGACIÓN
Centro transcriptor OSt
082 04 - NÚMERO DE LA CLASIFICACIÓN DECIMAL DEWEY
Número de edición DEWEY 21
Número de clasificación Decimal 510.024658
Número de documento (Cutter) A793
100 1# - PUNTO DE ACCESO PRINCIPAL-NOMBRE DE PERSONA
Nombre de persona Arya C. Jagdish
9 (RLIN) 1025
245 00 - TÍTULO PROPIAMENTE DICHO
Título Matemáticas aplicadas :
Resto del título a la administración y la economía /
Mención de responsabilidad, etc. Jagdish C. Arya; Robin W. Lardner
250 ## - MENCIÓN DE EDICIÓN
Mención de edición 4 ed.
260 ## - PUBLICACIÓN, DISTRIBUCIÓN, ETC. (PIE DE IMPRENTA)
Lugar de publicación, distribución, etc. México :
Nombre del editor, distribuidor, etc. Pearson Prentice Hall,
Fecha de publicación, distribución, etc. 2002.
300 ## - DESCRIPCIÓN FÍSICA
Extensión 856 p.
650 04 - PUNTO DE ACCESO ADICIONAL DE MATERIA - TÉRMINO DE MATERIA
Fuente del encabezamiento o término LEMB
Subdivisión de materia general ANÁLISIS MATEMÁTICO
9 (RLIN) 1026
942 ## - ENTRADA DE ELEMENTOS AGREGADOS (KOHA)
Fuente de clasificaión o esquema
Koha [por defecto] tipo de item Libro
Existencias
Tipo de Descarte Renovaciones totales Disponibilidad Restricciones de uso Localización permanente Código de barras Asignatura Fuente de clasificación o esquema Préstamos totales Número de copia No para préstamo Fecha adquisición Fecha última consulta Mostrar en OPAC Signatura completa Localización en estanterías Localización actual Fecha último préstamo Forma de Material Fecha de Descarte
NULL3NULLNULLBiblioteca Central 01169USAP 4Ej. 1NULL2013-04-122018-09-13NULL510.024658 A793Fondo GeneralBiblioteca Central 2018-09-11Colección General 
NULL55NULLNULLBiblioteca Central 01171USAP 89Ej. 2NULL2013-04-122023-10-13NULL510.024658 A793Fondo GeneralBiblioteca Central 2023-10-09Colección General2013-04-12
NULL22NULLNULLBiblioteca Central 01172USAP 40Ej. 3NULL2013-04-122019-05-30NULL510.024658 A793Fondo GeneralBiblioteca Central 2019-05-28Colección General2013-04-12
NULL37NULLNULLBiblioteca Central 01173USAP 59Ej. 4NULL2013-04-122019-02-11NULL510.024658 A793Fondo GeneralBiblioteca Central 2019-02-04Colección General2013-04-12
NULL NULL Biblioteca Central 17408USAP 2Ej. 5NULL2019-07-232019-10-14NULL510.024658 A793Fondo GeneralBiblioteca Central 2019-10-14Colección General2019-07-23
NULL NULL Biblioteca Central 17653USAP 5Ej. 6NULL2020-01-312024-11-02NULL510.024658 A793Fondo GeneralBiblioteca Central 2024-10-26Colección General2020-01-31

Campus Universitario - Ave. Circunvalación - San Pedro Sula, Honduras, C.A. / Tel: +504 2561.8777 / Fax: +504 2561.8787 / Email: info@usap.edu
Todos los Derechos Reservados. © MMXIII Universidad de San Pedro Sula